01752nam a22003617a 4500003000400000005001700004008004100021040002200062082001400084100004700098245004500145260005600190300001800246366000800264490002300272505007500295505024500370505007200615505002700687505005000714505017700764505003000941505001200971650004100983650005001024650004301074650004801117650004301165650004401208650004801252650004701300650004301347OSt20230413134946.0221006b |||||||| |||| 00| 0 eng d cBiblioteca Lado V a700bK41a aAcosta de Arriba, Rafaeleeditoredirector aArte Cubano/bRevista de Artes Visuales/ bConsejo Nacional de las Artes Plasticasc2002aCuba c22x32cma74p. espa v2002a1x1024 8439 tTercer salon de arte contemporaneo: poder, obediancia y juego de manos tRuta CriticaaElogio de Manuel Mendive El arte no es para entenderlo Liar Aguedo, la critica y los prestigios del paisaje Orestes Gaulhiac. Sujetate de la brocha Espectáculo y reflexión en la plástica artística contemporánea  tPensando Alto A cargo de Magaly EspinosaaConversaciones sobre arte tDossier "arte digital" tOtros espacios...aRedundancia: templo-museo? tLibrosaLa memoria viva Incursion en el grabado cubano (1949-1997) Con los pelos de Punta Di con quien andas y sabre quien eres De piedras y apel: testigos necesarios  tHistorietaaAdonis Flores tSummary 2Tesauro de Arte & ArquitecturaaARTE 2Tesauro de Arte & ArquitecturaaEXPOSICIONES  2Tesauro de Arte & ArquitecturaaBIENAL 2Tesauro de Arte & ArquitecturaaAPRECIACION 2Tesauro de Arte & ArquitecturaaTEORIA 2Tesauro de Arte & ArquitecturaaCRITICA 2Tesauro de Arte & ArquitecturaaFOTOGRAFIA  2Tesauro de Arte & ArquitecturaaLITERATURA 2Tesauro de Arte & ArquitecturaaCUBANO